[Event "Groningen op"]
[Site "Groningen"]
[Date "1988.??.??"]
[Round "?"]
[White "Miles, Anthony J"]
[Black "Vogel, Jaap"]
[Result "1-0"]
[WhiteElo "2540"]
[BlackElo "2265"]

1.d4 e6 2.c4 Nf6 3.Nf3 b6 4.a3 d5 5.cxd5 exd5 6.g3 Be7 7.Qa4+ c6 8.Ne5 O-O
9.Nxc6 Nxc6 10.Qxc6 Bf5 11.Nc3 Rc8 12.Qb5 Be4 13.f3 Bc2 14.Bd2 Qd6 15.Rc1 Bg6
16.Bh3 Rc4 17.Be3 Ra8 18.Qa6 Nh5 19.Kf2 Bf8 20.b3 Rc7 21.Nb5 Rxc1 22.Rxc1 Qf6
23.Qb7 Re8 24.Rc6 Rb8 25.Qc7 Qd8 26.Qxd8 Rxd8 27.Nxa7 Bxa3 28.Rxb6 Bc2 29.Nc6 Re8
30.b4 h6 31.Bd7 Ra8 32.Ne7+ Kf8 33.Nxd5 Rd8 34.Bc6 Bb2 35.Ra6  1-0

[Event "Groningen op"]
[Site "Groningen"]
[Date "1988.??.??"]
[Round "?"]
[White "Norwood, David"]
[Black "Miles, Anthony J"]
[Result "0-1"]
[WhiteElo "2460"]
[BlackElo "2540"]

1.d4 Nf6 2.c4 c5 3.d5 e5 4.Nc3 d6 5.e4 Be7 6.Nge2 Na6 7.Ng3 Nc7 8.Be2 g6
9.Bh6 Bf8 10.Qd2 Bxh6 11.Qxh6 Ng8 12.Qe3 Qh4 13.O-O Qf4 14.Qxf4 exf4 15.Nh1 Nf6
16.f3 Nd7 17.Nf2 Ne5 18.Nd3 Nxc4 19.Nxf4 Ne5 20.Nd3 f6 21.f4 Nf7 22.e5 c4
23.Nf2 fxe5 24.Nfe4 exf4 25.Rxf4 Ke7 26.Bxc4 Ne5 27.Bf1 Bf5 28.Ng3 Raf8 29.Re1 Bc8
30.Rd4 Ne8 31.Nce4 Rf4 32.Ne2 Rf7 33.N2c3 a6 34.Ng5 Rf5 35.Nf3 Kd7 36.Be2 Rhf8
37.Na4 Kd8 38.Nb6 Nxf3+ 39.Bxf3 R5f7 40.Nc4 Rf4 41.Rxf4 Rxf4 42.b3 Bd7 43.Kf2 Bb5
44.Na5 Rf7 45.a4 Bd3 46.Re3 Bc2 47.Ke2 Bf5 48.Nc4 Rc7 49.Kd2 Bd7 50.Nb6 Ng7
51.g4 Be8 52.Nc4 Rd7 53.Be2 Bf7 54.Bf3 Bg8 55.h4 Bf7 56.Be4 Ne8 57.Kd3 Nf6
58.g5 Ng4 59.Rg3 Nf2+ 60.Ke3 Nxe4 61.Kxe4 b5 62.axb5 axb5 63.Ne3 Rc7 64.Kd4 Rc1
65.Rf3 Ke7 66.Rf1 Rc5 67.Ra1 Kd7 68.Ra7+ Ke8 69.Ra8+ Ke7 70.Rh8 Rc1 71.Rxh7 Kf8
72.h5 gxh5 73.Rh8+ Kg7 74.Rh6 Bg6 75.Ng2 Rg1 76.Nf4 Rxg5 77.Rxg6+ Rxg6 78.Nxh5+ Kh6
79.Nf4 Rg4  0-1

[Event "Groningen op"]
[Site "Groningen"]
[Date "1988.??.??"]
[Round "?"]
[White "Miles, Anthony J"]
[Black "Vanheste, Jeroen"]
[Result "1/2-1/2"]
[WhiteElo "2540"]
[BlackElo "2370"]

1.c4 Nf6 2.Nc3 g6 3.e4 d6 4.d4 Bg7 5.f3 O-O 6.Be3 b6 7.Bd3 a6 8.Nge2 c5 9.d5 e6
10.a4 exd5 11.cxd5 Nbd7 12.Ng3 Ne5 13.Be2 Nh5 14.Qd2 f5 15.Nxh5 gxh5 16.O-O Qf6
17.Bg5 Qg6 18.Kh1 fxe4 19.Nxe4 Bf5 20.Ng3 Bd3 21.f4 Bxe2 22.Qxe2 Nd3 23.f5 Qxg5
24.Qxd3 Be5 25.Ne4 Qh4 26.h3 Rae8 27.Rae1 Bxb2 28.f6 Kh8 29.Re2 Be5 30.Rf5 c4
31.Qf3 c3 32.Nxc3 Rc8 33.Re4 Qg3 34.Qxg3 Bxg3 35.Ne2 Be5 36.Kg1 Bxf6 37.Rxh5 Be5
38.g3 Rf7 39.Nf4 Bxf4 40.gxf4 Rc1+ 41.Kf2 Kg7 42.Rg5+ Kf8 43.Kf3 b5  1/2-1/2

[Event "Groningen op"]
[Site "Groningen"]
[Date "1988.??.??"]
[Round "?"]
[White "Ristic, Nenad"]
[Black "Miles, Anthony J"]
[Result "1-0"]
[WhiteElo "2395"]
[BlackElo "2540"]

1.e4 c6 2.d4 d5 3.Nd2 dxe4 4.Nxe4 Bf5 5.Ng3 Bg6 6.Bc4 e6 7.Nf3 Nd7 8.O-O Ngf6
9.Qe2 Be7 10.Re1 Nd5 11.Bb3 O-O 12.c4 Nb4 13.a3 Nd3 14.Rd1 Nxc1 15.Raxc1 Qb6
16.Ba2 Rfe8 17.Bb1 Bxb1 18.Rxb1 a5 19.Rd3 Rad8 20.Ne4 Nf6 21.Nc3 Bf8 22.Rbd1 Qc7
23.Ne5 Nd7 24.Ng4 h5 25.Ne5 g6 26.Ne4 Be7 27.f4 Nxe5 28.fxe5 c5 29.d5 Qxe5
30.d6 f5 31.Re3 Bf6 32.Nc3 Qf4 33.Rxe6 Bd4+ 34.Kh1 Rxe6 35.Qxe6+ Kh8 36.Qxg6 Rxd6
37.Qe8+ Kg7 38.Re1 Bf6 39.Nd5 Rd8 40.Qxd8 Qh4 41.Qxf6+  1-0

[Event "USA-ch"]
[Site "?"]
[Date "1988.??.??"]
[Round "?"]
[White "Miles, Anthony J"]
[Black "Wilder, Michael"]
[Result "1/2-1/2"]
[WhiteElo "2500"]
[BlackElo "2505"]

1.d4 Nf6 2.Nf3 e6 3.c4 Bb4+ 4.Nbd2 b6 5.a3 Bxd2+ 6.Qxd2 Bb7 7.e3 O-O 8.Be2 d6
9.b4 a5 10.Bb2 axb4 11.axb4 Rxa1+ 12.Bxa1 Ne4 13.Qb2 Qf6 14.O-O Nd7 15.Qc2 Qg6
16.Bd3 f5 17.Ne1 Ndf6 18.f3 Ng5 19.Kh1 Qh6 20.Qf2 Nf7 21.Bc3 g5 22.Nc2  1/2-1/2

[Event "USA-ch"]
[Site "?"]
[Date "1988.??.??"]
[Round "?"]
[White "Miles, Anthony J"]
[Black "Frias, Victor J"]
[Result "0-1"]
[WhiteElo "2500"]
[BlackElo "2510"]

1.d4 d5 2.c4 c6 3.Nf3 Nf6 4.Qc2 g6 5.Bf4 Bg7 6.e3 O-O 7.Nc3 Be6 8.Qb3 Qb6
9.c5 Qxb3 10.axb3 Nbd7 11.b4 Nh5 12.Bg5 f6 13.Bh4 g5 14.Bg3 Nxg3 15.hxg3 a6
16.Bd3 h6 17.Nd2 Rac8 18.Nb3 Rc7 19.Ke2 f5 20.f4 Nf6 21.Na5 Ne4 22.Nxe4 fxe4
23.Bc2 h5 24.Raf1 h4 25.fxg5 Rxf1 26.Kxf1 hxg3 27.Bd1 Bf5 28.Ke1 e5 29.Nb3 exd4
30.Nxd4 Bxd4 31.exd4 Kg7 32.Kd2 Rf7 33.Ke3 Bc8 34.Bh5 Rf2 35.Rh4 Rxg2 36.Rf4 Rh2
37.Rf7+ Kg8 38.Rc7 Rxh5 39.Rxc8+ Kg7 40.Ke2 Rh1  0-1

[Event "USA-ch"]
[Site "?"]
[Date "1988.??.??"]
[Round "?"]
[White "Miles, Anthony J"]
[Black "Gulko, Boris F"]
[Result "1/2-1/2"]
[WhiteElo "2500"]
[BlackElo "2590"]

1.d4 Nf6 2.c4 g6 3.Nc3 d5 4.Bf4 Bg7 5.e3 c5 6.dxc5 Qa5 7.Qa4+ Qxa4 8.Nxa4 O-O
9.Nf3 Bd7 10.Nc3 dxc4 11.Bxc4 Rc8 12.Ne5 Be8 13.O-O-O Nc6 14.Nxc6 Bxc6 15.f3 Nd7
16.Nd5 Bxd5 17.Bxd5  1/2-1/2

[Event "American op"]
[Site "?"]
[Date "1989.??.??"]
[Round "2"]
[White "Tomkins, Ken"]
[Black "Miles, Anthony J"]
[Result "1-0"]
[WhiteElo "2295"]
[BlackElo "2520"]

1.e4 c6 2.d4 d5 3.Nd2 dxe4 4.Nxe4 Bf5 5.Ng3 Bg6 6.h4 h6 7.N1e2 Nf6 8.Nf4 Bh7
9.Bc4 e6 10.O-O Nd5 11.Bxd5 cxd5 12.Qg4 Bxc2 13.Re1 Nc6 14.Bd2 Qd7 15.Rac1 Bh7
16.b4 Rg8 17.Qh5 Kd8 18.Rxc6 bxc6 19.b5 g6 20.Ba5+ Ke8 21.Qf3 Bd6 22.bxc6 Qc8
23.Nxd5 Rh8 24.Nf6+ Kf8 25.Nd7+ Kg8 26.Ne4 Be7 27.d5 f5 28.dxe6 Qa6 29.Bc3 Qc4
30.Qf4 Qxe6 31.Nef6+ Bxf6 32.Rxe6 Bxc3 33.Qc4  1-0

[Event "American op"]
[Site "?"]
[Date "1989.??.??"]
[Round "4"]
[White "Salgado, Robert R"]
[Black "Miles, Anthony J"]
[Result "0-1"]
[WhiteElo "2290"]
[BlackElo "2520"]

1.d4 d6 2.Nf3 Bg4 3.Nbd2 e6 4.h3 Bh5 5.g4 Bg6 6.Bg2 Nd7 7.b3 d5 8.Bb2 h5
9.gxh5 Bxh5 10.Nf1 Bb4+ 11.c3 Bd6 12.Ng3 Bg6 13.c4 c6 14.cxd5 cxd5 15.Ne5 Ne7
16.a3 Rc8 17.Rc1 Nxe5 18.dxe5 Bxa3 19.Rxc8 Nxc8 20.Bxa3 Qa5+ 21.Qd2 Qxa3
22.Qc3 O-O 23.O-O Qa6 24.e4 dxe4 25.Bxe4 Ne7 26.Qf3 Qb5 27.Rd1 b6 28.Qc3 Rc8
29.Bxg6 fxg6 30.Qe3 Nd5 31.Qg5 Qxb3 32.Rf1 Qf3  0-1

[Event "American op"]
[Site "?"]
[Date "1989.??.??"]
[Round "5"]
[White "Silman, Jeremy D"]
[Black "Miles, Anthony J"]
[Result "0-1"]
[WhiteElo "2410"]
[BlackElo "2520"]

1.d4 d6 2.e4 Nf6 3.Nc3 g6 4.f4 Bg7 5.Nf3 O-O 6.Bd3 Nc6 7.e5 dxe5 8.fxe5 Nh5
9.Be3 Bg4 10.Bc4 Kh8 11.O-O f6 12.exf6 exf6 13.h3 Bxf3 14.Rxf3 f5 15.Ne2 Na5
16.Qd3 Nxc4 17.Qxc4 Qd7 18.c3 Rae8 19.Raf1 Rf6 20.Nf4 Nxf4 21.Bxf4 Rc6 22.Qd3 Rce6
23.Re3 Rxe3 24.Bxe3 Qd5 25.Bf4 c6 26.a3 Re4 27.Qd2 Qe6 28.Kf2 Kg8 29.Re1 Kf7
30.Rxe4 Qxe4 31.Qe3 Ke6 32.Qxe4+ fxe4 33.Ke3 Kd5 34.Kd2 b5 35.Bc7 Bh6+ 36.Kc2 Kc4
37.Be5 Bg5 38.b3+ Kd5 39.a4 Bd8 40.axb5 cxb5 41.Bf4 a5 42.Be3 g5 43.Kb2 h6
44.h4 Be7 45.Kc2 Bf6 46.h5 Bd8 47.g4 Bb6 48.Kb2 a4 49.Ka3 Ba5 50.Bd2 Bc7
51.Be3 Bd6+ 52.Kb2 a3+ 53.Ka2 Be7 54.Kb1 Bd8 55.Ka2 Ba5 56.Bd2 b4 57.cxb4 Bb6
58.Kxa3 Kxd4 59.Ka4 Kd3 60.Be1 e3 61.Kb5 Bd4 62.Kc6 Bc3 63.Bg3 Bxb4 64.Kd5 e2
65.Bf2 e1=Q 66.Bxe1 Bxe1 67.Ke5  0-1

[Event "American op"]
[Site "?"]
[Date "1989.??.??"]
[Round "7"]
[White "Miles, Anthony J"]
[Black "Gurevich, Dmitry"]
[Result "1-0"]
[WhiteElo "2520"]
[BlackElo "2480"]

1.Nf3 f5 2.d4 Nf6 3.Bg5 e6 4.Nbd2 d5 5.e3 Be7 6.Bd3 Nbd7 7.c4 Ne4 8.Bf4 c6
9.Ne5 O-O 10.f3 Nxd2 11.Qxd2 Bh4+ 12.g3 Bf6 13.Nxd7 Qxd7 14.c5 Re8 15.Qc3 g6
16.Bd6 b6 17.f4 a5 18.Kf2 Ba6 19.Bc2 Kf7 20.Rhc1 h5 21.Bd1 Rh8 22.Bf3 a4
23.Qb4 bxc5 24.Qxc5 Bb5 25.Be5 Bxe5 26.fxe5 h4 27.Rg1 hxg3+ 28.hxg3 Bc4 29.Rh1 Qb7
30.Qa3 Rab8 31.b3 Bd3 32.Qxa4 Kg7 33.Qa5 Be4 34.Qc5 Qf7 35.Rac1 Ra8 36.a4 Rab8
37.b4 g5 38.a5 f4 39.gxf4 Bxf3 40.Kxf3 Kg6 41.Qc2+ Kg7 42.Qg2 Rxh1 43.Qxg5+ Qg6
44.Rxh1 Rxb4 45.Rc1  1-0

[Event "Bad Woerishofen op"]
[Site "Bad Woerishofen"]
[Date "1989.??.??"]
[Round "?"]
[White "Taeger, Winfried"]
[Black "Miles, Anthony J"]
[Result "0-1"]
[WhiteElo "2365"]
[BlackElo "2520"]

1.d4 d6 2.Nf3 Bg4 3.c4 Nd7 4.g3 Bxf3 5.exf3 e6 6.Bg2 g6 7.Nc3 Bg7 8.f4 c6
9.d5 exd5 10.cxd5 c5 11.f5 Ne7 12.fxg6 hxg6 13.O-O a6 14.Re1 Kf8 15.Ne4 Qb6
16.h4 Ne5 17.Bg5 Nf5 18.Nf6 Qxb2 19.Rb1 Qd4 20.Rxb7 Nd3 21.Qe2 Bxf6 22.Bxf6 Qxf6
23.Qxd3 Kg7 24.Bh3 Rab8 25.Rxb8 Rxb8 26.Bxf5 Qxf5 27.Qxf5 gxf5 28.Re7 Kf6
29.Rd7 Ke5 30.Rxf7 c4 31.Kf1 Kxd5 32.Rxf5+ Ke4 33.Rf6 d5 34.Ke2 Rb2+ 35.Kd1 c3
36.Re6+ Kd3 37.Re3+ Kc4 38.Re2 Rb1+ 39.Kc2 Ra1 40.Re6 Rxa2+ 41.Kb1 Rb2+ 42.Kc1 Rxf2
43.h5 d4  0-1

[Event "Bad Woerishofen op"]
[Site "Bad Woerishofen"]
[Date "1989.??.??"]
[Round "?"]
[White "Thesing, Matthias"]
[Black "Miles, Anthony J"]
[Result "0-1"]
[WhiteElo "2365"]
[BlackElo "2520"]

1.d4 d6 2.e4 Nf6 3.Nc3 g6 4.Nf3 Bg7 5.h3 O-O 6.Be3 a6 7.Be2 b5 8.e5 Nfd7
9.Bf4 Nc6 10.exd6 cxd6 11.Qd2 Bb7 12.Bh6 Nf6 13.Bxg7 Kxg7 14.O-O Rc8 15.Qe3 Na5
16.Rfc1 Nc4 17.Bxc4 Rxc4 18.Ne2 Qa8 19.c3 Bxf3 20.Qxf3 Qxf3 21.gxf3 Rc7 22.Kf1 Rb8
23.Ke1 Nd5 24.Kd2 h5 25.h4 e6 26.Ng3 Ne7 27.Kd3 d5 28.a3 Nc8 29.Nf1 Nd6 30.Nd2 Nc4
31.b3 Nxd2 32.Kxd2 Kf6 33.Rc2 Kf5 34.Ke3 Rbc8 35.Rac1 g5 36.hxg5 Kxg5 37.Rg1+ Kf5
38.Kd3 a5 39.Rh1 Kg5 40.Rcc1 a4 41.b4 h4 42.Kd2 Rh8 43.Rcg1+ Kf5 44.Rh3 f6
45.f4 Rch7 46.Ke3 Rh6 47.Kf3 Rg6 48.Rxg6 Kxg6 49.Kg4 f5+ 50.Kf3 Kh5 51.Rh1 Rc8
52.Rc1 Rc7 53.Ke3 h3 54.f3 Kh4  0-1

[Event "Bad Woerishofen op"]
[Site "Bad Woerishofen"]
[Date "1989.??.??"]
[Round "?"]
[White "Mainka, Romuald"]
[Black "Miles, Anthony J"]
[Result "0-1"]
[WhiteElo "2410"]
[BlackElo "2520"]

1.e4 c6 2.d4 d5 3.exd5 cxd5 4.c4 Nf6 5.Nc3 Nc6 6.Bg5 Be6 7.Bxf6 gxf6 8.c5 Qd7
9.Bb5 Rg8 10.g3 O-O-O 11.Qh5 Bg4 12.Qxh7 Qe6+ 13.Kf1 Nxd4 14.Qxg8 Bh6 15.Be8 Bh3+
16.Nxh3 Qxh3+ 17.Ke1 Nc2+ 18.Ke2 Nd4+ 19.Ke1 Nc2+ 20.Ke2 Qh5+ 21.g4 Qe5+
22.Kf3 Nxa1 23.Rxa1 d4 24.Ne2 d3 25.Nc3 Qxh2 26.Rd1 Qh3+ 27.Ke4 Qg2+ 28.f3 f5+  0-1

[Event "Bad Woerishofen op"]
[Site "Bad Woerishofen"]
[Date "1989.??.??"]
[Round "?"]
[White "Miles, Anthony J"]
[Black "Kindermann, Stefan"]
[Result "0-1"]
[WhiteElo "2520"]
[BlackElo "2515"]

1.Nf3 Nf6 2.c4 c5 3.Nc3 e6 4.g3 b6 5.Bg2 Bb7 6.O-O a6 7.d4 cxd4 8.Qxd4 d6
9.Bg5 Nbd7 10.Rad1 Be7 11.Bxf6 Nxf6 12.Na4 b5 13.Nb6 e5 14.Nxe5 Bxg2 15.Kxg2 dxe5
16.Qe3 Qb8 17.Nxa8 Qxa8+ 18.Kg1 e4 19.c5 O-O 20.b4 h5 21.Rd4 Re8 22.h3 Bd8
23.Rfd1 Bc7 24.R4d2 Qc8 25.Kg2 h4 26.gxh4 Ng4 27.Qb3 Qf5 28.hxg4 Qxg4+ 29.Kf1 e3
30.Qd5 exd2 31.Rxd2 Rd8 32.Qxd8+ Bxd8 33.Rxd8+ Kh7 34.e4 Qxe4 35.a3 Qxh4
36.Rd3 Qc4 37.Ke2 g5 38.Kd2 f5 39.f3 g4 40.fxg4 fxg4 41.Ke3 Qf7 42.Ke2 Qf4
43.c6 Qe4+ 44.Re3 Qxc6 45.Kf2 Qb6 46.Ke2 Qf6  0-1

[Event "Bad Woerishofen op"]
[Site "Bad Woerishofen"]
[Date "1989.??.??"]
[Round "?"]
[White "Miles, Anthony J"]
[Black "Reeh, Oliver"]
[Result "1-0"]
[WhiteElo "2520"]
[BlackElo "2440"]

1.Nf3 Nf6 2.g3 g6 3.b3 Bg7 4.Bb2 c5 5.Bg2 O-O 6.O-O Nc6 7.c4 d6 8.Nc3 e5
9.d3 h6 10.a3 Be6 11.b4 Qd7 12.Nd2 Bh3 13.Qa4 Bxg2 14.Kxg2 Nh7 15.Nd5 f5
16.bxc5 dxc5 17.Qb5 b6 18.e4 Rae8 19.Nf3 fxe4 20.dxe4 Qg4 21.Nd2 Nd4 22.Bxd4 exd4
23.f3 Qc8 24.f4 g5 25.Rae1 gxf4 26.gxf4 Nf6 27.h3 Nh5 28.Qb3 Qd8 29.Qf3 Re5
30.Kh2 Rg5 31.e5 Nxf4 32.Nxf4 Bxe5 33.Rxe5 Rxe5 34.Ne4 Kh7 35.Qd3 Ref5 36.Ne6 Qb8+
37.Ng3  1-0

[Event "Biel"]
[Site "Biel"]
[Date "1989.??.??"]
[Round "?"]
[White "De Firmian, Nick E"]
[Black "Miles, Anthony J"]
[Result "1/2-1/2"]
[WhiteElo "2595"]
[BlackElo "2580"]

1.e4 c6 2.d4 d5 3.Nc3 dxe4 4.Nxe4 Bf5 5.Ng3 Bg6 6.h4 h6 7.Nf3 Nd7 8.h5 Bh7
9.Bd3 Bxd3 10.Qxd3 Qc7 11.Bd2 e6 12.O-O-O O-O-O 13.Ne4 Ngf6 14.g3 Nxe4 15.Qxe4 Bd6
16.c4 c5 17.Bc3 Nf6 18.Qe2 cxd4 19.Nxd4 a6 20.Nf3 Rd7 21.Ne5 Bxe5 22.Bxe5 Qa5
23.a3 Rhd8 24.Rxd7 Nxd7 25.Bc3 Qg5+ 26.Qd2 Qxd2+ 27.Kxd2 f6 28.Kc2 Nc5 29.Re1 Rd6
30.Re3 Kd8 31.b4 Nd7 32.Rd3 Rc6 33.Kb3 Ke7 34.c5 e5 35.g4 Ke6 36.f3 a5 37.Rd1 axb4
38.axb4 b6 39.cxb6 Rxb6 40.Kc4 Rc6+ 41.Kb3 Rb6 42.Rd2 Rb7 43.Ra2 Nb8 44.Ra5 Nc6
45.Rc5 Kd6 46.Kc4 Rc7 47.Rd5+ Ke6 48.Rc5 Kd6 49.Bb2 Na5+ 50.Kb5 Nc6 51.Kc4 Na5+
52.Kb5 Nc6 53.Kc4  1/2-1/2

[Event "Biel"]
[Site "Biel"]
[Date "1989.??.??"]
[Round "?"]
[White "Hort, Vlastimil"]
[Black "Miles, Anthony J"]
[Result "1/2-1/2"]
[WhiteElo "2570"]
[BlackElo "2580"]

1.d4 d6 2.e4 Nf6 3.Nc3 g6 4.g3 Bg7 5.Bg2 O-O 6.Nge2 e5 7.O-O Nc6 8.d5 Ne7
9.h3 c6 10.dxc6 bxc6 11.b3 Qc7 12.f4 Rd8 13.fxe5 Ne8  1/2-1/2

[Event "Biel"]
[Site "Biel"]
[Date "1989.??.??"]
[Round "?"]
[White "Miles, Anthony J"]
[Black "Hort, Vlastimil"]
[Result "0-1"]
[WhiteElo "2580"]
[BlackElo "2570"]

1.Nf3 Nf6 2.c4 c6 3.d4 d5 4.Qc2 g6 5.Bf4 dxc4 6.Qxc4 Bg7 7.Nc3 Nd5 8.Nxd5 Qxd5
9.e3 Be6 10.Qb4 c5 11.dxc5 O-O 12.e4 Qc6 13.Be5 a5 14.Qd4 f6 15.Bf4 Nd7 16.Bc4 Nxc5
17.Rc1 Rac8 18.Bxe6+ Nxe6 19.Rxc6 Nxd4 20.Rb6 f5 21.exf5 Rxf5 22.Bd2 Nxf3+
23.gxf3 Rd5 24.Bc3 Bxc3+ 25.bxc3 Rxc3 26.O-O Rg5+ 27.Kh1 Rxf3 28.Rxb7 Re5
29.Kg2 Ra3 30.Ra1 Kf7 31.Rb3 Ra4 32.a3 Rf4 33.Kg3 Rf6 34.h4 Rff5 35.Rc1 Rb5
36.Re3 Rfe5 37.Rf3+ Rf5 38.Re3 Rfe5 39.Rf3+ Kg7 40.Rc7 Re4 41.Re3 Rxe3+ 42.fxe3 Kf6
43.Ra7 Rb3 44.Ra6+ e6 45.Rxa5 Rxe3+ 46.Kf4 Rc3 47.Ra8 h5 48.Rf8+ Kg7 49.Ra8 Rh3
50.Ke5 Rxh4 51.Kxe6 Re4+ 52.Kd5 Re1 53.Ra4 Kf6 54.Rf4+ Kg5 55.Rf2 h4  0-1

[Event "Biel"]
[Site "Biel"]
[Date "1989.??.??"]
[Round "?"]
[White "Miles, Anthony J"]
[Black "De Firmian, Nick E"]
[Result "1/2-1/2"]
[WhiteElo "2580"]
[BlackElo "2595"]

1.c4 c5 2.g3 Nc6 3.Bg2 g6 4.Nc3 Bg7 5.a3 Nf6 6.Qa4 O-O 7.Rb1 a5 8.b4 cxb4
9.axb4 Nxb4 10.Ba3 d6 11.Bxb4 Bd7 12.Qb3 axb4 13.Qxb4 Bc6 14.Nf3 Ne4 15.Nxe4 Bxe4
16.d3 Bc6 17.O-O Ra4 18.Qb6 Qd7 19.Rfc1 Rfa8 20.Ne1 R4a6 21.Qe3 Ra2 22.Rb6 h5
23.Rcb1 Ra1 24.Bxc6 bxc6 25.Rb7 Qd8 26.Kg2 Rxb1 27.Rxb1 Qd7 28.Nf3 Bf6 29.h3 Kg7
30.d4 Ra2 31.Qd3 Qa7 32.e3 c5 33.g4 cxd4 34.exd4 Qa8 35.d5 Qa7 36.Rf1 hxg4
37.hxg4 Kg8 38.g5 Bg7 39.Qe4 Rb2 40.Kg3 Rb3 41.Re1 Rb2 42.Re2 Rxe2 43.Qxe2 Kf8
44.Qe4 Qd7 45.Nh4 Qa4 46.f4 Qd1 47.Nf3 Bc3 48.Kg4 Qh1 49.Qe2 Qb1 50.Qe3 Qc2
51.Ng1 Bb4 52.Qe2 Bd2 53.Nh3 Qc1 54.Kg3 Be3 55.Kg4 Qc3 56.Qf3 Qd4 57.Kg3 Ke8
58.Qe2 Kf8 59.Qf3 Bd2 60.Qe2 Qc3+ 61.Kg2 Be3 62.Kh2 Qb3 63.Kg2 Ke8 64.Kh2 Kd7
65.Kg2 Kd8 66.Qe1 Kc7 67.Nf2 Kd7 68.Qe2 Bxf2 69.Kxf2 Qb1 70.Kf3 e6 71.dxe6+ fxe6
72.Qe4 Qxe4+  1/2-1/2

[Event "Biel"]
[Site "Biel"]
[Date "1989.??.??"]
[Round "?"]
[White "Miles, Anthony J"]
[Black "Sokolov, Ivan"]
[Result "0-1"]
[WhiteElo "2580"]
[BlackElo "2525"]

1.Nf3 c5 2.c4 Nc6 3.Nc3 Nd4 4.g3 Nxf3+ 5.exf3 b6 6.d4 cxd4 7.Qxd4 Bb7 8.Bf4 e6
9.Ke2 Ne7 10.Nb5 Nf5 11.Qd3 Bc5 12.Bh3 O-O 13.Bxf5 exf5 14.Bd6 Qf6 15.Rhb1 Rfe8+
16.Kf1 Be4 17.fxe4 fxe4 18.Qe2 Bxd6 19.Nxd6 Qxd6 20.Rd1 Qh6 21.Kg1 d6 22.Rd4 e3
23.Rc1 exf2+ 24.Qxf2 Re6 25.Qd2 Qh5 26.Rxd6 Qc5+ 27.Rd4 Rae8 28.b4 Qc6 29.Qg2 Re1+
30.Rxe1 Rxe1+ 31.Kf2 Re2+ 32.Kxe2 Qxg2+ 33.Ke3 g6 34.Rd2 Qf1 35.Kd4  0-1

[Event "Biel"]
[Site "Biel"]
[Date "1989.??.??"]
[Round "?"]
[White "Polugaevsky, Lev"]
[Black "Miles, Anthony J"]
[Result "1-0"]
[WhiteElo "2595"]
[BlackElo "2580"]

1.d4 d6 2.e4 Nf6 3.Nc3 g6 4.g3 b6 5.Bg2 Bb7 6.Nge2 c5 7.O-O cxd4 8.Nxd4 Qc8
9.Nd5 Bg7 10.Bg5 Nbd7 11.c4 h6 12.Be3 a6 13.Rc1 Rb8 14.b4 Kf8 15.Nb3 Qd8
16.Re1 Kg8 17.c5 dxc5 18.bxc5 Nxc5 19.Nxc5 bxc5 20.Bxc5 Nxd5 21.exd5 Bf6
22.Rb1 Qd7 23.d6 Kg7 24.dxe7 Qxd1 25.Rexd1 Bxg2 26.Rxb8 Rxb8 27.Kxg2 h5 28.h4 g5
29.hxg5 Bxg5 30.Rd7 Re8 31.f4 Bf6 32.Kf3 Kg6 33.Ke4 h4 34.gxh4 Bxh4 35.f5+ Kh6
36.Ke5 Kg7 37.Ra7 Rc8 38.Kd6 Bxe7+ 39.Rxe7 Kf6 40.Bd4+ Kxf5 41.Rxf7+ Ke4
42.Bc5 Kd3 43.a4 a5 44.Ra7 Kc4 45.Rxa5 Rg8 46.Kc6 Rg5 47.Rb5 Rg2 48.Rb4+ Kd3  1-0

[Event "Biel"]
[Site "Biel"]
[Date "1989.??.??"]
[Round "?"]
[White "Torre, Eugenio"]
[Black "Miles, Anthony J"]
[Result "1/2-1/2"]
[WhiteElo "2560"]
[BlackElo "2580"]

1.d4 Nf6 2.Nf3 e6 3.c4 b6 4.g3 Bb4+ 5.Bd2 Bxd2+ 6.Qxd2 Ba6 7.b3 c6 8.Bg2 d5
9.Ne5 Nbd7 10.Nxd7 Nxd7 11.O-O O-O 12.Qb2 dxc4 13.bxc4 Bxc4 14.Na3 Ba6 15.Bxc6 Rc8
16.Rac1 Nb8 17.Bf3 Qd6 18.Rfd1 Nc6 19.Nc2 Rc7 20.Nb4 Nxb4 21.Rxc7 Qxc7 22.Qxb4 Rc8
23.d5 exd5 24.Rxd5 Bc4 25.Rd2 Be6 26.h4 h6 27.Bd5 Qc1+ 28.Kg2 Rd8 29.e4 Qe1
30.Qd4 h5 31.Rd1 Qe2 32.Rd2 Qg4 33.Qc4 Bxd5  1/2-1/2

[Event "Biel"]
[Site "Biel"]
[Date "1989.??.??"]
[Round "?"]
[White "Hellers, Ferdinand"]
[Black "Miles, Anthony J"]
[Result "0-1"]
[WhiteElo "2560"]
[BlackElo "2580"]

1.e4 c6 2.d4 d5 3.Nc3 dxe4 4.Nxe4 Bf5 5.Ng3 Bg6 6.h4 h6 7.Nf3 Nd7 8.h5 Bh7
9.Bd3 Bxd3 10.Qxd3 Qc7 11.Bd2 e6 12.O-O-O O-O-O 13.Ne4 Ngf6 14.g3 Nxe4 15.Qxe4 Bd6
16.c4 c5 17.Bc3 Nf6 18.Qe2 cxd4 19.Bxd4 Qa5 20.Kb1 Qf5+ 21.Ka1 Bb8 22.Qe3 Rd7
23.Be5 Ng4 24.Qc5+ Rc7 25.Qd4 Qxf3 26.Bxc7 Bxc7 27.Qxa7 Ne5 28.Rhf1 Nc6 29.Qa8+ Nb8
30.c5 Rd8 31.Qa4 Nc6 32.Qa8+ Bb8 33.Rd6 Rxd6 34.cxd6 Qd3 35.Rc1 Qxd6 36.f4 Qd2  0-1

[Event "Cannes schev"]
[Site "Cannes"]
[Date "1989.??.??"]
[Round "?"]
[White "Miles, Anthony J"]
[Black "Lautier, Joel"]
[Result "1/2-1/2"]
[WhiteElo "2520"]
[BlackElo "2450"]

1.Nf3 Nf6 2.g3 g6 3.b3 Bg7 4.Bb2 d6 5.d4 c5 6.dxc5 Qa5+ 7.Nbd2 Qxc5 8.e3 O-O
9.Bg2 Qh5 10.h3 Nc6 11.a3 Bd7 12.c4 a5 13.g4 Qc5 14.Bxf6 exf6 15.Ne4 Qb6
16.Qxd6 Be6 17.Nd4 f5 18.gxf5 gxf5 19.c5 Qa7 20.Nxe6 fxe6 21.Ng5 Bxa1 22.Qxe6+ Kh8
23.Qh6 b5 24.Qxc6 Rg8 25.Qb6 Qg7 26.h4 Bc3+ 27.Ke2 Rad8 28.Rc1 h6 29.Rxc3 hxg5
30.Rc2 gxh4 31.Bb7 Kh7 32.Bf3 Qd7 33.Qb7 Qxb7 34.Bxb7 Rg7 35.c6 Rc7 36.Rc1 Rb8
37.Rh1 Kg6 38.Rxh4 Kg5 39.Rh2 b4 40.axb4 axb4 41.Rg2+ Kf6 42.Kd3 Ke5 43.f4+ Kd5
44.Rg5 Rf8 45.e4+ Kc5 46.Ke3 Rh7 47.Rxf5+ Rxf5 48.exf5 Kd6 49.Kd4 Rh3 50.f6 Rh6
51.c7 Kxc7 52.Ke5 Kd7 53.Bc6+ Kd8 54.Ke6 Rh3 55.Ba4 Re3+ 56.Kf5 Rh3 57.Ke4 Rc3
58.f5 Rh3 59.Kf4 Rc3 60.Kg5 Rg3+ 61.Kf4 Rc3 62.Ke4 Rh3 63.Kd5 Rf3 64.Ke6 Re3+
65.Kf7 Rf3 66.Ke6  1/2-1/2

[Event "Cannes schev"]
[Site "Cannes"]
[Date "1989.??.??"]
[Round "?"]
[White "Miles, Anthony J"]
[Black "Adams, Michael"]
[Result "1-0"]
[WhiteElo "2520"]
[BlackElo "2495"]

1.d4 Nf6 2.Nf3 e6 3.c4 b6 4.a3 Ba6 5.Nbd2 Bb7 6.Qc2 c5 7.e4 cxd4 8.e5 Ng4
9.h3 Nh6 10.Ne4 Nf5 11.g4 Nh4 12.Nxh4 Qxh4 13.Bg5 Bxe4 14.Qxe4 Qxg5 15.h4 Qd8
16.Qxa8 Qc7 17.Qe4 Nc6 18.f4 Be7 19.b4 h5 20.g5 g6 21.Bg2 O-O 22.Rh3 Rc8
23.Rc1 Bf8 24.Rd3 a5 25.b5 Ne7 26.Bh3 d5 27.exd6 Qxd6 28.Qxd4 Qc7 29.Qe4 Nf5
30.Bxf5 exf5 31.Qe5 Qb7 32.Kf2 Qa8 33.Kg3 Re8 34.Qd5 Qb8 35.Rf1 Bc5 36.a4 Kg7
37.Qc6 Re6 38.Qd7 Qa8 39.Rd5 Bb4 40.Kf2 Qb8 41.Kg3 Bd6 42.Rd3 Qa8 43.Rd5 Qb8
44.Rd4 Qa8 45.Rf3 Qb8 46.Rfd3 Bc7 47.Kf2 Be5 48.Rd5 Bb2 49.Kg3 Re4 50.Qd6 Qe8
51.Qxb6 Re2 52.Rd7 Rc2 53.Qe3 Qa8 54.Rd2 Rc3 55.R7d3 Rxc4 56.Rxb2 Qh1 57.Rd8 Kh7
58.Rh2 Qa1 59.Rhd2 Re4 60.Qf2 Re1 61.Kg2  1-0

[Event "Cannes schev"]
[Site "Cannes"]
[Date "1989.??.??"]
[Round "?"]
[White "Renet, Olivier"]
[Black "Miles, Anthony J"]
[Result "0-1"]
[WhiteElo "2480"]
[BlackElo "2520"]

1.e4 c6 2.d4 d5 3.Nc3 dxe4 4.Nxe4 Bf5 5.Ng3 Bg6 6.h4 h6 7.Nf3 Nd7 8.h5 Bh7
9.Bd3 Bxd3 10.Qxd3 Qc7 11.Bd2 e6 12.O-O-O O-O-O 13.Ne4 Ngf6 14.g3 Nxe4 15.Qxe4 Bd6
16.c4 c5 17.Qe2 Nf6 18.Bc3 cxd4 19.Nxd4 a6 20.Kb1 Rd7 21.g4 Rhd8 22.Nb3 Bf4
23.Rxd7 Qxd7 24.Bxf6 gxf6 25.Kc2 Qa4 26.Qe4 Be5 27.Kb1 Qb4 28.g5 Rd2  0-1

[Event "BL2-W8889"]
[Site "Germany"]
[Date "1989.??.??"]
[Round "?"]
[White "Mainka, Romuald"]
[Black "Miles, Anthony J"]
[Result "1/2-1/2"]
[WhiteElo "2410"]
[BlackElo "2520"]

1.e4 c6 2.d4 d5 3.exd5 cxd5 4.c4 Nf6 5.Nc3 Nc6 6.Bg5 Be6 7.Qd2 Qd7 8.Bxf6 gxf6
9.c5 a6 10.Na4 Rd8 11.Nb6 Qc7 12.g3 Bf5 13.Bg2 Be4 14.f3 Bg6 15.Ne2 h5 16.O-O e5
17.b4 h4 18.f4 Be4 19.a3 Bxg2 20.Kxg2 Bg7 21.Rad1 e4 22.a4 Ne7 23.Nc3 f5
24.b5 axb5 25.axb5 Rh6 26.Qb2 Rxb6 27.cxb6 Qxb6 28.Ne2 hxg3 29.hxg3 Nc6 30.Rh1 Na5
31.Qb4 Nc4 32.Kf2 Rc8 33.Rh7 Qg6 34.Rdh1 Kd7 35.b6 Qg4 36.Qb5+ Ke6 37.R7h6+ Bxh6
38.Rxh6+ f6 39.Rh7 Rd8 40.Qc5 Rd7 41.Qc8 Nxb6 42.Qe8+ Kd6 43.Qf8+ Ke6  1/2-1/2

[Event "Groningen op"]
[Site "Groningen"]
[Date "1989.??.??"]
[Round "1"]
[White "De Boer, Gert Jan"]
[Black "Miles, Anthony J"]
[Result "1/2-1/2"]
[WhiteElo "2385"]
[BlackElo "2520"]

1.d4 Nc6 2.d5 Ne5 3.e4 e6 4.Nf3 Nxf3+ 5.Qxf3 Qf6 6.Be2 Bb4+ 7.c3 Qxf3 8.Bxf3 Bc5
9.Bf4 exd5 10.exd5 d6 11.O-O Bf5 12.Re1+ Kd7 13.Nd2 Ne7 14.Be3 Bxe3 15.Rxe3 Rae8
16.Rae1 Ng6 17.Rxe8 Rxe8 18.Rxe8 Kxe8 19.g3 Ne5 20.Be2 Nd3 21.Bxd3 Bxd3 22.f4 c6
23.dxc6 bxc6 24.Kf2 Kd7 25.Ke3 Bf5 26.c4 c5 27.Ne4 Bh3 28.b3 f6 29.Nf2 Bg2
30.Ne4 Ke6 31.Nc3 a6 32.Kf2 Bc6 33.h4 Kf5 34.Ke3 Kg4 35.Kf2 Bf3 36.Na4 Be4
37.Nc3 Bc6 38.Nd1 Kf5 39.Nc3 h6 40.Ke3 Kg4 41.Kf2 Bf3 42.Na4 Be4 43.Nc3 Bc6
44.Nd1 Kf5 45.Nc3 h5 46.Ke3 Kg4 47.Kf2 g5 48.hxg5 fxg5 49.fxg5 Kxg5 50.Ke3 Kf5
51.Kf2 Be8 52.Ke3 Bf7 53.Ne4 Ke5 54.Nc3 Be6 55.Ne4 Bg8 56.Nc3 a5 57.Na4 d5
58.Nxc5 dxc4 59.bxc4 Bxc4 60.a3  1/2-1/2

[Event "Groningen op"]
[Site "Groningen"]
[Date "1989.??.??"]
[Round "4"]
[White "Miles, Anthony J"]
[Black "Steinbacher, Matthias"]
[Result "1-0"]
[WhiteElo "2520"]
[BlackElo "2320"]

1.c4 c5 2.g3 b6 3.Bg2 Nc6 4.e3 g6 5.d4 Ba6 6.Qa4 Bb7 7.Ne2 Bg7 8.d5 Ne5 9.O-O a6
10.Qc2 f5 11.Bd2 Nf6 12.Bc3 Qb8 13.Nd2 O-O 14.e4 Nh5 15.exf5 gxf5 16.Rae1 e6
17.Nf3 Ng6 18.Bxg7 Nxg7 19.Qd2 Re8 20.Qh6 exd5 21.Ng5 Nf8 22.Nf4 dxc4 23.Bd5+ Bxd5
24.Nxd5  1-0